01344agaaa2200253 45000010005000000030009000050050017000140070009000310080040000400400023000800410013001031000053001161300060001692450189002292500022004182600104004403000022005445200297005665380016008635460013008796500072008927000061009647000065010257384IT-RoPAU20220918181258.0d cvaizq50131s9999||||xx ||| | || ||und|| aIT-RoPAUcIT-RoPAU aITALIANO aKarajan Herbert VongCodice regista SPICS: 12263 aSANTA MESSA CELEBRATA DA SUA SANTITA' GIOVANNI PAOLO II aSANTA MESSA CELEBRATA DA SUA SANTITA' GIOVANNI PAOLO IIcDiretto da: Karajan Herbert VonpSANTA MESSA CELEBRATA DA SUA SANTITA' GIOVANNI PAOLO II (Rif. Codice opera principale : 37384) aEdizione Standard aROMA (ITALIA)bRAI - RADIO TELEVISIONE ITALIANA / g"1985 (1° ed.: 1985 ; Ed. Lingua Orig.: 1985)" aVHSbsonoro, col. a* MOZART W.A.: MESSA DELL'INCORONAZIONE.DALLA BASILICA DI SAN PIETRO IN VATICANO NELLA SOLENNITA' DEI SANTI APOSTOLI PIETRO E PAOLO MESSA DELL'INCORONAZIONE DI MOZART ESEGUITA DA WIENER PHILHARMONIKER E WIENER SINGVEREIN DIRETTA DA HERBERT VON KARAJAN COMPOSIZIONEMUSICALE CON ORIGINI MARIANE aPAL, STEREO aITALIANO aRELIGIOSOeTV-PROGRAMMI RELIGIOSI [VHS]xCodice MATERIA SPICS: 9963 aAlimenti Dante e(soggetto)gCodice Soggetto SPICS: 9990 aKarajan Herbert Von e(regista)gCodice regista SPICS: 12263